| 000 | 00496nam a2200169Ia 4500 | ||
|---|---|---|---|
| 999 |
_c12460 _d12460 |
||
| 003 | OSt | ||
| 005 | 20201016115300.0 | ||
| 008 | 190216s9999||||xx |||||||||||||| ||und|| | ||
| 040 | _coclc | ||
| 082 |
_a848.91409 _bCAM/S |
||
| 100 |
_aCamus, Albert _95059 |
||
| 245 | 0 |
_aSelected Essays And Notebooks / _cAlbert Camus |
|
| 260 |
_bPenguin Books , _c1970. _aNew Delhi: |
||
| 300 | _a312p | ||
| 650 | _aEnglish Essay | ||
| 942 |
_cBK _2ddc _h848.91409 _iCAM/S _k848.91409 _mCAM/S |
||